| 000 | 00974nam a22002177a 4500 | ||
|---|---|---|---|
| 005 | 20210325204913.0 | ||
| 008 | s2553 th tha d | ||
| 041 | _atha | ||
| 050 | _aTX724.5.T5 ส291บ 2553 | ||
| 245 | 1 | 0 | _aข้างสำรับ : รวมสูตรอาหารที่เป็นเคล็ดลับสูตรเฉพาะของท่านสมัคร สุนทรเวช |
| 260 | 3 |
_aกรุงเทพฯ : _bฐานการพิมพ์, _c2553 |
|
| 300 |
_a125 หน้า : _b ภาพประกอบ ; _c 29 ซม. |
||
| 610 | _aสมัคร สุนทรเวช | ||
| 650 | 0 | 4 | _aการปรุงอาหาร |
| 650 | 0 | 4 | _aอาหารไทย |
| 850 | _aNALT | ||
| 942 | _cGB | ||
| 997 | _aบ 23304 | ||
| 997 | _c000000000062115 | ||
| 998 | _aนางสาวชัชฎา จูฑะรักษ์ | ||
| 999 |
_c62115 _d62115 |
||